000 00214 a2200109 4500
020 _a1572574607
041 _aspa
100 _aLawrence, Lucy
245 _aMis zapatillas de baile
942 _cBK
999 _c29702
_d29700
999 _d29700